000 00454nam a2200145 4500
999 _c10249
_d10249
008 180809b ||||| |||| 00| 0 eng d
022 _a2094-8042
082 _aDPer 370.105 M72 Jan-Dec 2011 v. 59-60
100 _930231
_aPasion-Aguinaldo, Emma Sol.
245 _aJune and me/
_cEmma Sol. Pasion-Aguinaldo.
260 _aPhilippines;
_bIn The Grade School, Inc.,
_cc2011.
300 _av60 n1, page 20;
_c27cm.
650 0 _930232
_a1
942 _2ddc
_cPER